000 00366nam a2200145Ia 4500
008 230917s9999||||xx |||||||||||||| ||und||
040 _e70889
_aMAIN
041 _aEnglish
082 _a657.48 R584F
100 _aRoche, J A
245 0 _aFinancial accounting company accounts
260 _aLondon
_bFinancial Training
_c1984
300 _axii, 338 p.
942 _cBK
999 _c46656
_d46656